书目信息 |
| 题名: |
工程造价管理
|
|
| 作者: | 张静晓 , 江小燕 主编 | |
| 分册: | ||
| 出版信息: | 北京 北京大学出版社 2021.03 |
|
| 页数: | 238页 | |
| 开本: | 26cm | |
| 丛书名: | 高等院校土建类专业“互联网+”创新规划教材 | |
| 单 册: | ||
| 中图分类: | TU723.31 | |
| 科图分类: | ||
| 主题词: | 建筑造价管理--jian zhu zao jia guan li--高等学校--教材 | |
| 电子资源: | ||
| ISBN: | 978-7-301-31857-7 | |
| 000 | 01327nam 2200289 450 | |
| 001 | CAL 0120217209587 | |
| 005 | 20210709095101.8 | |
| 010 | @a978-7-301-31857-7@dCNY45.00 | |
| 100 | @a20210708d2021 em y0chiy0120 ea | |
| 101 | 0 | @achi |
| 102 | @aCN@b110000 | |
| 105 | @aa a 000yy | |
| 106 | @ar | |
| 200 | 1 | @a工程造价管理@Agong cheng zao jia guan li@f主编张静晓, 江小燕 |
| 205 | @a第2版 | |
| 210 | @a北京@c北京大学出版社@d2021.03 | |
| 215 | @a238页@c图@d26cm | |
| 225 | 2 | @a高等院校土建类专业“互联网+”创新规划教材@Agao deng yuan xiao tu jian lei zhuan ye “ hu lian wang +” chuang xin gui hua jiao cai |
| 320 | @a有书目 | |
| 330 | @a本书根据最新建设工程工程量清单计价规范和相关定额编写, 主要内容包括工程造价管理概论、工程建设定额原理、工程造价构成、建设项目决策阶段造价管理、建设项目设计阶段造价管理、建设项目招标与投标报价、建设项目施工阶段造价管理、建设项目竣工与交付阶段造价管理等。为方便教学, 本书在章前设有教学提示和教学要求, 正文有大量例题讲解, 章末设置了类型丰富的习题。 | |
| 410 | 0 | @12001 @a高等院校土建类专业“互联网+”创新规划教材 |
| 606 | 0 | @a建筑造价管理@Ajian zhu zao jia guan li@x高等学校@j教材 |
| 690 | @aTU723.31@v5 | |
| 701 | 0 | @a张静晓@Azhang jing xiao@4主编 |
| 701 | 0 | @a江小燕@Ajiang xiao yan@4主编 |
| 801 | 0 | @aCN@b人天书店@c20210708 |
| 905 | @aTSG@b0000404@dTU723.31@eZ127@f2 | |
| 工程造价管理/主编张静晓, 江小燕.-第2版.-北京:北京大学出版社,2021.03 |
| 238页:图;26cm.-(高等院校土建类专业“互联网+”创新规划教材) |
| ISBN 978-7-301-31857-7:CNY45.00 |
| 本书根据最新建设工程工程量清单计价规范和相关定额编写, 主要内容包括工程造价管理概论、工程建设定额原理、工程造价构成、建设项目决策阶段造价管理、建设项目设计阶段造价管理、建设项目招标与投标报价、建设项目施工阶段造价管理、建设项目竣工与交付阶段造价管理等。为方便教学, 本书在章前设有教学提示和教学要求, 正文有大量例题讲解, 章末设置了类型丰富的习题。 |
| ● |
| 相关链接 |
|
|
|
正题名:工程造价管理
索取号:TU723.31/Z127
 
预约/预借
| 序号 | 登录号 | 条形码 | 馆藏地/架位号 | 状态 | 备注 |
| 1 | 1537621 | 215376215 | 建筑库201/201建筑库 106排2列3层/ [索取号:TU723.31/Z127] | 在馆 | |
| 2 | 1537622 | 215376224 | 建筑库201/201建筑库 106排2列3层/ [索取号:TU723.31/Z127] | 在馆 |